000 01097nam a2200253Ia 4500
003 Ost
005 20260507075404.0
008 260507s9999||||xx |||||||||||||| ||und||
020 _a73364139779
040 _cfsecg
041 _aara
082 _a330
100 _aمنصور، مجدي محمد محمدين
_eمؤلف
245 0 _aدور البنوك التجارية في عقد الرهن التجاري /
_c مجدي محمد محمدين منصور
260 _aالإسكندرية:
_bمكتبة الوفاء القانونية,
_c2013
300 _a331 صفحة؛
_bإيضاحات ؛
_c25 سم
504 _aالمراجع ص.311
520 _aيضم إنشاء عقد الرهن التجاري، رهن المحل التجاري الذي يجريه البنك، أحكام رهن الأوراق المالية لصالح البنك، أحكام الرهن التجاري للطائرة
653 _aالبنوك التجارية
653 _aالرهن التجاري
653 _aالعقود
653 _aرهن- الأوراق المالية
942 _cكتاب
999 _c44292
_d44292